• 首页
  • 本馆介绍
  • 公告通知
  • 最新文献
  • 馆藏检索
  • 电子资源
  • 读者导购
  • 参考咨询
  • 我的图书馆
  • 登录
  • 详细信息显示
  • 放入我的书架
  • 预约/预借图书
  • 作者相关作品
  • 分类相关作品
  • 丛书相关作品
  • 出版社相关作品

书目信息

  • 表格格式
  • 工作单格式
  • 卡片格式
题名:
信息与决策
    
 
作者: 张尧庭 编著
分册:  
出版信息: 北京   科学出版社  2000.01
页数: 152页
开本: 32开
丛书名:
单 册:
中图分类: C934
科图分类:
主题词: 决策学 , 信息--关系--决策
电子资源:
ISBN: 7-03-007752-0
000 00558nam0 2200205 45
001 0204230978
005 20031219104055.0
010    @a7-03-007752-0@dCNY11.00
100    @a20020423d2000 km y0chiy0120 ea
101 0  @achi
105    @a z 000yy
200 1  @a信息与决策@AXin Xi Yu Jue Ce@f张尧庭编著@FZhang Yao Ting Bian Zhu
210    @a北京@c科学出版社@d2000.01
215    @a152页@d32开
606 0  @a决策学
606 0  @a信息@x关系@x决策
690    @aC934@v4
701    @a张尧庭@4编著
801    @aCN@bTSTC@c20020423
905    @b309157-161@dC934@e111@f5
    
    信息与决策/张尧庭编著.-北京:科学出版社,2000.01
    152页;32开
    
    
    ISBN 7-03-007752-0:CNY11.00
    
●
相关链接 在E读中查询图书 在五车中查询图书 在当当中查询图书 在豆瓣中查询图书


正题名:信息与决策     索取号:C934/111         预约/预借

序号 登录号 条形码 馆藏地/架位号 状态 备注
1 0309157   203091572   第一借阅区/ [索取号:C934/111] 在馆    
2 0309158   203091581   第一借阅区/ [索取号:C934/111] 在馆    
3 0309159   203091590   第一借阅区/ [索取号:C934/111] 在馆    
4 0309160   203091607   第一借阅区/ [索取号:C934/111] 在馆    
5 0309161   203091616   第一样本阅览室/ [索取号:C934/111] 在馆    
唐山师范学院图书馆 欢迎您!
大连网信软件有限公司© 版权所有